Manchester City - Strzelcy Bramek w LM (2010-2019) - Statystyki

Ogólne statystyki
  • Ten quiz został rozwiązany 61 razy
  • Średni wynik to 15 z 27
Statystyki odpowiedzi
Bramki Narodowość Zawodnik % Poprawnych
34 Argentyńczyk Sergio Aguero
100%
8 Hiszpan David Silva
87%
5 Belg Kevin de Bruyne
87%
3 Bośniak Edin Dzeko
85%
7 Iworyjczyk Yaya Toure
85%
5 Portugalczyk Bernardo Silva
79%
19 Anglik Raheem Sterling
72%
6 Niemiec Ilkay Gundogan
70%
2 Algierczyk Riyad Mahrez
70%
3 Włoch Mario Balotelli
64%
3 Brazylijczyk Fernandinho
62%
12 Brazylijczyk Gabriel Jesus
62%
6 Niemiec Leroy Sane
58%
1 Belg Vincent Kompany
58%
3 Anglik Phil Foden
57%
3 Serb Aleksandar Kolarov
49%
1 Argentyńczyk Pablo Zabaleta
49%
3 Francuz Samir Nasri
49%
4 Anglik John Stones
32%
2 Nigeryjczyk Kelechi Iheanacho
30%
1 Argentyńczyk Nicolas Otamendi
30%
2 Anglik James Milner
26%
5 Hiszpan Alvaro Negredo
25%
2 Francuz Aymeric Laporte
23%
1 Argentyńczyk Martin Demichelis
23%
1 Hiszpan Nolito
21%
2 Iworyjczyk Wilfried Bony
19%
Nie znaleziono quizów pasujących do podanych kryteriów
Rozkład punktacji
Procent ludzi z każdym wynikiem
Percentyl według liczby udzielonych odpowiedzi
Twoja historia wyników
Nie rozwiązałeś tego quizu